Julio nunca más...Obra escogida de Rafael Menjívar Larín /
A través de esta obra se pretende reconocer la labor realizada por Rafael Menjívar Larín en la Facultad Latinoamericana de Ciencias Sociales-Costa Rica. Se destaca el esfuerzo por elevar el papel de Costa Rica, que pasó de ser Programa a Sede Académica, y fue el primer director de la misma....
Enregistré dans:
| Auteur principal: | |
|---|---|
| Autres auteurs: | |
| Format: | Inconnue |
| Langue: | Spanish |
| Publié: |
San José, Costa Rica :
FLACSO
|
| Collection: | Colección Pensamiento Social
|
| Sujets: | |
| Tags: |
Ajouter un tag
Pas de tags, Soyez le premier à ajouter un tag!
|
MARC
| LEADER | 00000 a2200000 04500 | ||
|---|---|---|---|
| 001 | 43298 | ||
| 003 | cru CIDCACS/IIS | ||
| 005 | 20231009115947.0 | ||
| 008 | 050702s2010 cr spa d | ||
| 020 | |a [sin ISBN] | ||
| 040 | |c cru CIDCACS/IIS |a cru CIDCACS/IIS | ||
| 090 | |a 04.04.01 M545j | ||
| 100 | |a Menjívar Ochoa, Mauricio |e compilador | ||
| 245 | |a Julio nunca más...Obra escogida de Rafael Menjívar Larín / |c Mauricio Menjívar Ochoa | ||
| 260 | |a San José, Costa Rica : |b FLACSO | ||
| 300 | |a 405 páginas |b tablas, gráficos, mapas | ||
| 440 | |a Colección Pensamiento Social | ||
| 520 | |a A través de esta obra se pretende reconocer la labor realizada por Rafael Menjívar Larín en la Facultad Latinoamericana de Ciencias Sociales-Costa Rica. Se destaca el esfuerzo por elevar el papel de Costa Rica, que pasó de ser Programa a Sede Académica, y fue el primer director de la misma. Sus textos fueron organizados a partir de tres variables: la histórica, la geográfica y la política. La primera fase denominada “El cambio social como cuestión intelectual. El período salvadoreño (¿1962? - 1972)” se incluyen tres de sus textos y corresponde entre 1962 año en que se conoció su primera publicación y 1972 año que fue expulsado de El Salvador. La segunda etapa se entiende como “La obra del intelectual orgánico. El período mexicano (1975 – 1983)” y se encuentran trece documentos referentes al tema. La última fase se denomina “Obra de post-militancia. El segundo exilio costarricense (1983 -2000)” y abarca desde su regreso a Costa Rica hasta su muerte y se presentan cuatro textos representativos de la época. VSL/ 04.10.2016 | ||
| 650 | 1 | 0 | |9 75 |a CIENCIAS SOCIALES |
| 650 | 1 | 0 | |9 97 |a ANTOLOGIA |
| 650 | 1 | 0 | |9 98 |a FLACSO |
| 651 | 1 | 0 | |9 32 |a COSTA RICA |
| 700 | |a Menjívar Larín, Rafael | ||
| 942 | |2 z |c LI |h 04.04.01 M545j |i 19027 |i 08176 |i 08631 |6 040401_M545J_19027__08176__08631 | ||
| 999 | |c 3026 |d 3026 | ||
